Cours de techniques quantitatives de gestion ( comptabilité générale) (Record no. 43964)
[ view plain ]
| 000 -LEADER | |
|---|---|
| fixed length control field | 00523 a2200193 4500 |
| 037 ## - SOURCE OF ACQUISITION | |
| Stock number | 28377 28262 |
| 100 ## - VEDETTE PRINCIPALE - NOM DE PERSONNE | |
| Language of a work | Fr |
| 100 ## - VEDETTE PRINCIPALE - NOM DE PERSONNE | |
| Personal name | Adjo, B.I. |
| 245 ## - TITLE STATEMENT | |
| Title | Cours de techniques quantitatives de gestion ( comptabilité générale) |
| 260 ## - PUBLICATION, DISTRIBUTION, ETC. (IMPRINT) | |
| Place of publication, distribution, etc | Cotonou |
| 260 ## - PUBLICATION, DISTRIBUTION, ETC. (IMPRINT) | |
| Date of publication, distribution, etc | 1974 |
| 300 ## - PHYSICAL DESCRIPTION | |
| Extent | 241p |
| 300 ## - PHYSICAL DESCRIPTION | |
| Other physical details | 29 cm |
| 650 ## - SUBJECT ADDED ENTRY--TOPICAL TERM | |
| Topical term or geographic name as entry element | Comptabilité |
| 630 ## - SUBJECT ADDED ENTRY--UNIFORM TITLE | |
| Uniform title | 65 - Gestion et organisation de l'industri du commerce et des transports |
| 650 ## - SUBJECT ADDED ENTRY--TOPICAL TERM | |
| Topical term or geographic name as entry element | 6 - SCIENCES APPLIQUEES MEDECINE TECHNOLOGIE |
| Withdrawn status | Lost status | Damaged status | Not for loan | Location (home branch) | Sublocation or collection (holding branch) | Date acquired | Koha issues (times borrowed) | Koha full call number | Koha date last seen | Price effective from | Koha item type |
|---|---|---|---|---|---|---|---|---|---|---|---|
| Bibliothèque Universitaire Centrale | Bibliothèque Universitaire Centrale | 28/02/2009 | 657 ADJ | 28/02/2009 | 28/02/2009 | Livre |